00354nam a2200133Ia 450000500170000000800410001702000180005808200170007610000200009324500280011326000490014130000190019065000110020920260122095439.0260121s9999||||xx |||||||||||||| ||und|| a9781138311640 a791.430bBEL aBelli, Mary Lou 0aActing for the screen / aUnited Kingdom :bTaylor and Francis,c2020. axv, 239p.; pbk aActing